| 000 | 01335nas a22003137a 4500 | ||
|---|---|---|---|
| 001 | 5150386 | ||
| 003 | UA-OsUOA | ||
| 005 | 20230612114632.0 | ||
| 007 | ta | ||
| 008 | 200320c1999 ru br|p| |||| 00| c rus d | ||
| 022 | _a2364145 | ||
| 040 |
_aUA-OsUOA _brus _cUA-OsUOA _dUA-OsUOA |
||
| 041 |
_arus _aeng |
||
| 080 | _a61 | ||
| 090 |
_a61 _bЗ-33 |
||
| 099 | _a90253 | ||
| 110 | _aЗапорожский государственный медицинский университет | ||
| 245 |
_aЗапорожский медицинский журнал _bнаучно-практический журнал _cглав. ред. проф. Колесник Ю. М. |
||
| 246 | _aZaporozhye Medical Journal | ||
| 260 |
_aЗапорожье _c1999 |
||
| 310 | _aодин раз на два місяці | ||
| 505 | _aНаучно-практический журнал. Отрасль: медицина и фармация. Издается Запорожским государственным медицинским университетом с 1999 года. | ||
| 650 |
_2UDC _a61 Медичні науки |
||
| 856 | 4 | 0 | _uhttp://zmj.zsmu.edu.ua/ |
| 942 |
_2udc _cMG _s1 |
||
| 955 | _a1 | ||
| 962 | _d1999 | ||
| 999 |
_c458526 _d458526 |
||